Frontières de l'Argentine-Merci pour les 2k de tentatives - Statistiques

Statistiques générales
  • Ce quiz a été pris 54 fois
  • Le résultat moyen est 5 sur 5
Statistiques - réponses
Km Pays % Correct
1224 Brésil
100%
5150 Chili
100%
579 Uruguay
98%
1880 Paraguay
96%
832 Bolivie
88%
Aucun quiz correspondant
Distribution des résultats
% des personnes avec chaque résultat
Percentile par nombre de réponses
Votre historique - résultats
Vous n’avez pas pris ce quiz